| Tag |
First Indicator |
Second Indicator |
Subfields |
| LEADER |
00000cam a2200000 a 4500 |
| 001 |
in00001404042 |
| 005 |
20151020054309.0 |
| 008 |
970710s1997 mdu 000 0 eng |
| 010 |
|
|
|a 97027416
|
| 020 |
|
|
|a 0761808701 (cloth : alk. paper)
|
| 020 |
|
|
|a 076180871X (paper : alk. paper)
|
| 035 |
|
|
|a (OCoLC)37322434
|
| 035 |
|
|
|9 AHN1033AM
|
| 040 |
|
|
|a DLC
|c DLC
|d TXA
|d UtOrBLW
|
| 043 |
|
|
|a e-pl---
|
| 049 |
|
|
|a TXAM
|
| 050 |
0 |
0 |
|a DK4449
|b .P74 1997
|
| 082 |
0 |
0 |
|a 943.805/7
|2 21
|
| 245 |
0 |
4 |
|a The presidency and governance in Poland :
|b yesterday and today /
|c edited by Kenneth W. Thompson.
|
| 264 |
|
1 |
|a Lanham, [Md.] :
|b University Press of America,
|c [1997]
|
| 264 |
|
4 |
|c ©1997
|
| 300 |
|
|
|a xiv, 150 pages ;
|c 24 cm.
|
| 336 |
|
|
|a text
|b txt
|2 rdacontent
|
| 337 |
|
|
|a unmediated
|b n
|2 rdamedia
|
| 338 |
|
|
|a volume
|b nc
|2 rdacarrier
|
| 490 |
1 |
|
|a Miller Center series on a world in change ;
|v v. 10
|
| 651 |
|
0 |
|a Poland
|x Politics and government
|y 1989-
|
| 650 |
|
0 |
|a Post-communism
|z Poland.
|
| 650 |
|
0 |
|a Presidents
|z Poland.
|
| 650 |
|
0 |
|a Constitutional history
|z Poland.
|
| 651 |
|
0 |
|a Poland
|x Relations
|z United States.
|
| 651 |
|
0 |
|a United States
|x Relations
|z Poland.
|
| 650 |
|
0 |
|a National security
|z Poland.
|
| 700 |
1 |
|
|a Thompson, Kenneth W.,
|d 1921-2013.
|
| 830 |
|
0 |
|a Miller Center series on a world in change ;
|v v. 10.
|
| 999 |
|
|
|a MARS
|
| 999 |
f |
f |
|s 9b71944f-6cbb-36a2-ab89-82c7af95f0d5
|i a7e2d9d8-d489-3066-9621-c18696bab3e2
|t 0
|
| 952 |
f |
f |
|p ric
|a Texas A&M University
|b Rellis Campus
|c Joint Library Facility
|d Remote Storage
|t 0
|e DK4449 .P74 1997
|h Library of Congress classification
|i unmediated -- volume
|m A14822070086
|
| 998 |
f |
f |
|a DK4449 .P74 1997
|t 0
|l Remote Storage
|